| 000 | 00743nam a2200241 a 4500 | ||
|---|---|---|---|
| 008 | |||
| 020 | _a0749406097 | ||
| 049 | _aMAIN | ||
| 090 | _aLB1732FIE | ||
| 100 | 1 | _aField, Laurie. | |
| 245 | 1 | 0 |
_aTraining for competence : _bA handbook for trainers and FE teachers / _cLaurie Field and Dennis Drysdale. |
| 246 | _aA handbook for trainers and FE teachers. | ||
| 260 |
_aLondon : _bKogan Page, _c1991. |
||
| 300 |
_a240 p. : _bill. ; _c24 cm. |
||
| 500 | _aIncludes bibliographical references. | ||
| 500 | _aIncludes index. | ||
| 700 | _aDrysdale, Dennis. | ||
| 907 |
_a.b10154358 _b03-01-06 _c24-02-05 |
||
| 003 | |||
| 005 | 20230123133931.0 | ||
| 040 | _cNUST | ||
| 942 |
_cBOOKS _kLB1732FIE |
||
| 999 |
_c157143 _d157143 |
||